Bảo vệ trẻ em bị bạo hành: So sánh các quy định pháp luật của Việt Nam và Ôxtrâylia /

Đã lưu trong:
Bibliografiske detaljer
Hovedforfatter: Đỗ Lan Phương.
Format: Bài viết
Sprog:Vietnamese
Fag:
Tags: Tilføj Tag
Ingen Tags, Vær først til at tagge denne postø!
Thư viện lưu trữ: Thư viện Trường Đại học Đà Lạt
LEADER 00839nam a2200277 4500
001 DLU210195782
005 ##20210303
040 # # |a DLU  |b vie 
041 # # |a vie 
044 # # |a vn 
100 # # |a Đỗ Lan Phương. 
245 # # |a Bảo vệ trẻ em bị bạo hành: So sánh các quy định pháp luật của Việt Nam và Ôxtrâylia /  |c Đỗ Lan Phương. 
653 # # |a Bạo hành  
653 # # |a Bảo vệ trẻ em 
653 # # |a Luật trẻ em 
653 # # |a Trẻ em 
773 # # |t Nghiên cứu gia đình và giới  |g Số 1, 2019, tr. 75-83 
920 # # |a Phòng Tạp chí -- Trung tâm Thông tin - Thư viện Trường Đại học Đà Lạt 
994 # # |a DLU 
900 # # |a True 
911 # # |a Hoàng Thị Huyền 
925 # # |a G 
926 # # |a A 
927 # # |a BB 
980 # # |a Thư viện Trường Đại học Đà Lạt